00633nam a2200193Ia 4500008004100000020001400041082001800055100001700073245007200090250000700162260004000169300002600209500001900235600002700254650001500281942000700296952012100303999001500424240925s9999 xx 000 0 und d a831130873 a620.00212 SIM aFrank , Sims 0aInteractive Engineering formulas Conversons, definations,and tables aNA aNew York:bIndustrial Pressc,1999. ax,554p.bNAfOriginal aIncludes Index aElectronic Engineering aTechnology cBK 011040708ELaUITUbUITUd2004-08-13eP.I.A g670.16l0o620.00212 SIMpQ5740r2024-09-25 07:13:57w2024-09-25yBK c8239d8239